Real estate market analysis methods and case studies
Gespeichert in:
| 1. Verfasser: | |
|---|---|
| Weitere Verfasser: | |
| Format: | Buch |
| Sprache: | Englisch |
| Veröffentlicht: |
Washington
Urban Land Institute ULI
2009
|
| Ausgabe: | 2nd ed. |
| Schlagworte: | |
| Tags: |
Keine Tags, Fügen Sie das erste Tag hinzu!
|
MARC
| LEADER | 00000nam a2200000 4500 | ||
|---|---|---|---|
| 001 | 0222577 | ||
| 005 | 20240306135934.1 | ||
| 020 | |a 978-0-87420-365-3 | ||
| 020 | |a 9780874203653 | ||
| 041 | 0 | |a eng | |
| 044 | |a US | ||
| 245 | 1 | 0 | |a Real estate market analysis |b methods and case studies |c Deborah L. Brett, Adrienne Schmitz |
| 250 | |a 2nd ed. | ||
| 264 | 1 | |a Washington |b Urban Land Institute ULI |c 2009 | |
| 300 | |a 271 s. | ||
| 610 | 2 | 0 | |a nehnuteľnosti |
| 610 | 2 | 0 | |a majetok nehnuteľný |
| 610 | 2 | 0 | |a trh |
| 610 | 2 | 0 | |a analýzy |
| 610 | 2 | 0 | |a výskum trhu |
| 610 | 2 | 0 | |a dopyt |
| 610 | 2 | 0 | |a ponuka |
| 610 | 2 | 0 | |a ukazovatele ekonomické |
| 610 | 2 | 0 | |a bývanie |
| 610 | 2 | 0 | |a demografia |
| 610 | 2 | 0 | |a dáta |
| 610 | 2 | 0 | |a štúdie prípadové |
| 610 | 2 | 0 | |a budovy |
| 610 | 2 | 0 | |a projekty |
| 100 | 1 | |a Brett, Deborah L. | |
| 700 | 1 | |a Schmitz, Adrienne | |